[Event "SD-2011-0-00127"]
[Site "LSS email"]
[Date "2012.01.22"]
[Round "?"]
[White "Krabbenbos, Jan"]
[Black "Castillo, Javier"]
[Result "1-0"]
[WhiteElo "1625"]
[BlackElo "1500"]
[PlyCount "28"]
[EventDate "2011.12.05"]
[EventType "tourn (corr)"]
[EventRounds "6"]
[EventCountry "GER"]
[SourceTitle "Corr 2015"]
[Source "ChessBase"]
[SourceDate "2015.07.17"]
[SourceVersion "1"]
[SourceVersionDate "2015.07.17"]
[SourceQuality "1"]

1. e4 c5 2. Nf3 d6 3. d4 cxd4 4. Nxd4 Nc6 5. Nc3 Nf6 6. Bg5 e6 7. Qd2 Be7 8. 0-0-0 a6 9. f4 e5 10. Nxc6 bxc6 11. Bxf6 gxf6 12. f5 Rb8 13. Bc4 Bf8 14. Kb1 Qb6 1-0

[Event "OP-2012-0-02006"]
[Site "LSS email"]
[Date "2012.01.17"]
[Round "?"]
[White "Castillo, Javier"]
[Black "Geiger, Walter"]
[Result "0-1"]
[WhiteElo "1500"]
[BlackElo "2110"]
[PlyCount "47"]
[EventDate "2012.01.15"]
[EventType "tourn (corr)"]
[EventRounds "4"]
[EventCountry "GER"]
[SourceTitle "Telechess CBM 155"]
[Source "ChessBase"]
[SourceDate "2013.07.16"]
[SourceVersion "1"]
[SourceVersionDate "2013.07.16"]
[SourceQuality "1"]

1. e4 e5 2. Nf3 Nc6 3. d4 exd4 4. Nxd4 Bc5 5. Nxc6 Qf6 6. Qe2 dxc6 7. Nc3 Bd4 8. Bd2 Be6 9. f4 0-0-0 10. f5 Bd7 11. Qf3 g6 12. fxg6 Qxg6 13. Bd3 Qg7 14. h3 Ne7 15. Rf1 Be6 16. g4 Ng6 17. a3 h5 18. 0-0-0 Ne5 19. Qg3 hxg4 20. hxg4 Nxd3+ 21. cxd3 Bxg4 22. Rde1 Rh3 23. Rxf7 Rxg3 24. Rxg7 0-1